British Sports Stars By Surname -The Letter D (Photo Quiz) - Statistics

General Stats
  • This quiz has been taken 101 times
  • The average score is 9 of 20
Answer Stats
Picture Hint Answer % Correct
Born 1994 (Diving) Tom Daley
88%
Born 1958 (Ice Dancing) Christopher Dean
77%
Born 1957 (Snooker) Steve Davis
75%
Born 1994 (Football) Eric Dier
71%
Born 1951 (Football) Kenny Dalglish
68%
Born 1962 (Swimming) Sharron Davies
65%
Born 1972 (Rugby Union) Matt Dawson
63%
Born 1962 (Rugby Union/League) Jonathan Davies
52%
Born 1963 (Golf) Laura Davies
48%
1901-1978 (Snooker) Joe Davis
46%
Born 1972 (Rugby Union) Lawrence Dallaglio
43%
Born 1960 (Tennis) Jo Durie
37%
Born 1977 (Golf) Luke Donald
33%
1959-2011 (Cricket) Graham Dilley
29%
Born 1942 (Athletics) Lynn Davies
26%
1935-2021 (Cricket) Ted Dexter
26%
Born 1955 (Table Tennis) Desmond Douglas
21%
Born 1945 (Boxing) Richard Dunn
20%
Born 1988 (Cycling) Lizzie Deignan
11%
Born 1961 (Gymnastics) Suzanne Dando
8%
No matching quizzes found
Score Distribution
Percent of People with Each Score
Percentile by Number Answered
Your Score History
You have not taken this quiz